Normal view
MARC view
Entry Personal Name
001 - CONTROL NUMBER
- control field: 26963
003 - CONTROL NUMBER IDENTIFIER
- control field: OSt
005 - DATE AND TIME OF LATEST TRANSACTION
- control field: 20160102123953.0
008 - FIXED-LENGTH DATA ELEMENTS
- fixed length control field: 160102|| aca||aabn | a|a d
040 ## - CATALOGING SOURCE
- Original cataloging agency: OSt
- Transcribing agency: OSt
100 ## - HEADING--PERSONAL NAME
- Personal name: Chevreul, M E
670 ## - SOURCE DATA FOUND
- Source citation: Work cat.: (OSt)37091: Chevreul, M E, The Principles of Harmony and Contrast of colours, 1912









